| 000 | 00663nam a22002295i 4500 | ||
|---|---|---|---|
| 001 | 13192 | ||
| 003 | ES-MaACL | ||
| 005 | 20230906150523.0 | ||
| 007 | t| | ||
| 008 | 950808s1995 sp |||| | spa j | ||
| 020 | _a84-8190-036-2 | ||
| 080 | _a860-14"19" | ||
| 100 | 1 |
_aDíez Serrano, Isabel. _944650 |
|
| 245 | 1 | 0 |
_aMarcada por tres fuegos / _cIsabel Díez Serrano. |
| 250 | _a1ª ed. | ||
| 260 |
_aVigo : _bCardeñoso, _c1995. |
||
| 300 |
_a67 p. ; _c21 cm. |
||
| 490 | 1 |
_aCuencos literarios ; _v155 |
|
| 830 | 0 |
_aCuencos literarios ; _v155 _9179433 |
|
| 852 |
_aES-MaACL _jL-20500 _z. - Dedicatoria autógrafa de la autora |
||
| 999 |
_c13192 _d13192 |
||